Implementácia DSP 1102 v prostredí Matlab-Simulink : Dipl.práca

Guardado en:
Detalles Bibliográficos
Autor principal: Magyar, Martin (Autor)
Otros Autores: Jucha, Igor (Orientador)
Formato: Manuscrito Libro
Lenguaje:eslovaco
Publicado: Bratislava : STU v Bratislave FEI, 1997
Materias:
Etiquetas: Agregar Etiqueta
Sin Etiquetas, Sea el primero en etiquetar este registro!

MARC

LEADER 00000ntm a22000003a 4500
001 stu24839
005 20160719164935.6
008 980212s1997------------------------slo-d
040 |a STU  |b slo 
041 0 |a slo 
100 1 |a Magyar, Martin  |4 aut 
245 1 |a Implementácia DSP 1102 v prostredí Matlab-Simulink :  |b Dipl.práca 
260 |a Bratislava :  |b STU v Bratislave FEI,  |c 1997 
300 |a 110 s 
650 7 |a elektronika  |2 stusub 
650 7 |a automatizácia  |2 stusub 
700 1 |a Jucha, Igor  |4 ths